Geology and mineral resources of Dwyer quadrangle, (Record no. 29179)

MARC details
000 -LEADER
fixed length control field 01215cam a22003011 4500
001 - CONTROL NUMBER
control field gs 57000252
003 - CONTROL NUMBER IDENTIFIER
control field DLC
005 - DATE AND TIME OF LATEST TRANSACTION
control field 20260227111405.0
008 - FIXED-LENGTH DATA ELEMENTS--GENERAL INFORMATION
fixed length control field 770712s1957 nmua 000 0 eng c
010 ## - LIBRARY OF CONGRESS CONTROL NUMBER
LC control number gs 57000252
035 ## - SYSTEM CONTROL NUMBER
System control number (OCoLC)3109158
040 ## - CATALOGING SOURCE
Original cataloging agency U.S. Geol. Survey. Library
Transcribing agency TxEU
Modifying agency OCoLC
-- DLC
042 ## - AUTHENTICATION CODE
Authentication code premarc
050 00 - LIBRARY OF CONGRESS CALL NUMBER
Classification number TN24.N6
Item number A232 no. 38
082 ## - DEWEY DECIMAL CLASSIFICATION NUMBER
Classification number 557.89
100 1# - MAIN ENTRY--PERSONAL NAME
Personal name Elston, Wolfgang E.
245 00 - TITLE STATEMENT
Title Geology and mineral resources of Dwyer quadrangle,
Remainder of title Grant, Luna, and Sierra Counties, New Mexico.
260 ## - PUBLICATION, DISTRIBUTION, ETC.
Place of publication, distribution, etc. Socorro,
Name of publisher, distributor, etc. State Bureau of Mines and Mineral Resources, New Mexico Institute of Mining and Technology,
Date of publication, distribution, etc. l957.
300 ## - PHYSICAL DESCRIPTION
Extent vii, 86 p.
Other physical details illus., maps (part fold., 1 col.) diagrs., tables.
Dimensions 23 cm.
490 1# - SERIES STATEMENT
Series statement New Mexico. Bureau of Mines and Mineral Resources. Bulletin
Volume/sequential designation 38
500 ## - GENERAL NOTE
General note Part of illustrative matter in pocket.
504 ## - BIBLIOGRAPHY, ETC. NOTE
Bibliography, etc. note Bibliography: p.[78]-80.
650 #0 - SUBJECT ADDED ENTRY--TOPICAL TERM
Topical term or geographic name entry element Geology
Geographic subdivision New Mexico
-- Grant County.
650 #0 - SUBJECT ADDED ENTRY--TOPICAL TERM
Topical term or geographic name entry element Geology
Geographic subdivision New Mexico
-- Luna County.
650 #0 - SUBJECT ADDED ENTRY--TOPICAL TERM
Topical term or geographic name entry element Geology
Geographic subdivision New Mexico
-- Sierra County.
650 #0 - SUBJECT ADDED ENTRY--TOPICAL TERM
Topical term or geographic name entry element Mines and mineral resources
Geographic subdivision New Mexico.
830 #0 - SERIES ADDED ENTRY--UNIFORM TITLE
Uniform title Bulletin (New Mexico. Bureau of Mines and Mineral Resources) ;
Volume/sequential designation 38.

No items available.

Powered by Koha